000 00259nam a22001217a 4500
008 170627b xxu||||| |||| 00| 0 eng d
041 _aeng
080 _a82
100 _a21
101 _aGJL
245 _aA WRITERS REALKITY
_cLLOSA.M.Y
942 _2udc
_cBK
999 _c19225
_d19225